[Event "Nuremberg Zabo op 06th"]
[Site "Nuremberg"]
[Date "2004.09.24"]
[Round "1"]
[White "Leuschner, Guenter"]
[Black "Boenisch, Oliver"]
[Result "1-0"]
[WhiteElo "1788"]
[BlackElo "1072"]
[PlyCount "107"]
[EventDate "2004.09.24"]
[EventType "swiss"]
[EventRounds "5"]
[EventCountry "GER"]
[SourceTitle "EXT 2012"]
[Source "ChessBase"]
[SourceDate "2011.11.24"]
[SourceVersion "1"]
[SourceVersionDate "2011.11.24"]
[SourceQuality "1"]

1. e4 Nc6 2. Nf3 e5 3. Bb5 Bb4 4. 0-0 Nge7 5. c3 Bc5 6. Nxe5 Nxe5 7. d4 Bxd4 8. cxd4 N5g6 9. Nc3 c6 10. Bc4 d5 11. Bb3 0-0 12. Bg5 f6 13. Be3 Kh8 14. Qh5 dxe4 15. Nxe4 Nd5 16. Bc2 Ndf4 17. Qf3 Qc7 18. h4 h5 19. Ng3 Bg4 20. Bxf4 Qxf4 21. Qd3 f5 22. Ne2 Bxe2 23. Qxe2 Qxh4 24. g3 Qg5 25. Kh2 Rf6 26. Rh1 Nf8 27. Kg2 g6 28. Qe5 Ne6 29. f4 Nxf4+ 30. Qxf4 Qxf4 31. gxf4 Re8 32. Rhe1 Rd8 33. Rad1 Rfd6 34. Kg3 Rxd4 35. Rxd4 Rxd4 36. Rd1 Rb4 37. Bb3 Kg7 38. Rc1 Kf6 39. Rc4 Rb5 40. Kh4 a5 41. Rd4 Rb4 42. Rxb4 axb4 43. Bd1 c5 44. Be2 b6 45. Bc4 Kg7 46. Kg5 Kh7 47. Bf7 Kg7 48. Bxg6 h4 49. Bxf5 b5 50. Kxh4 Kf6 51. Bd7 c4 52. Bxb5 c3 53. bxc3 bxc3 54. Bd3 1-0